000 00843cam a22002651 4500
001 af 47002044
003 DLC
005 20260227110811.0
008 930722s1944 it 000 0 ita c
010 _aaf 47002044
035 _a(OCoLC)28488949
040 _aHarvard univ. Library
_cCU
_dCU
_dDLC
042 _apremarc
050 0 0 _aDG552.8
_b.A914
100 1 _aAzeglio, Massimo d',
_d1798-1866.
245 1 0 _aParla un italiano.
260 _aRoma,
_bOrganizzazione editoriale tipografica
_c[1944?]
300 _a76, [1] p., 1 l.
_c17 cm.
440 0 _aVetrina minima. Pagine sempre verdi.
_vn. 4
500 _aAt head of title: Massimo d'Azeglio.
500 _aIllustration on cover.
500 _a"A cura di Alberto Consiglio."
651 0 _aItaly
_xPolitics and government
_y1849-1870.
700 1 _aConsiglio, Alberto,
_d1902-1973.
999 _c1523
_d1523